ბათუმის შოთა რუსთაველის სახელმწიფო უნივერსიტეტის ბიბლიოთეკა

რკინაბეტონის კარკასის ელემენტების გაანგარიშება (მრავალსართულიანი კავშირებიანი სისტემა) : (ბიბ.ჩანაწერი № 39052)

000 -ლიდერი
ფიქსირებული სიგრძის საკონტროლო ველი 01330nam a2200241Ia 4500
001 - საკონტროლო ნომერი
საკონტროლო ველი 5576
003 - საკონტროლო ნომრის იდენტიფიკატორი
საკონტროლო ველი GE_BSU
005 - ბოლო ოპერაციის თარიღი და დრო
საკონტროლო ველი 20190426193509.0
008 - ფიქსირებული სიგრძის მონაცემთა ელემენტები - ზოგადი ინფორმაცია
ფიქსირებული სიგრძის საკონტროლო ველი 181216s1983||||ge |||||||||||||| ||geo||
040 ## - კატალოგიზაციის წყარო
Transcribing agency GE_BSU
041 ## - ენის კოდი
Language code of text/sound track or separate title geo
080 ## - უნივერსალური ათობითი კლასიფიკაციის ინდექსი
Universal Decimal Classification number 624.016.5+690.33 ს-75
100 ## - მთავარი ჩანაწერი - პიროვნების სახელი
Personal name სოხაძე, ა.
9 (RLIN) 488
245 ## - ცნობა სათაურის შესახებ
Title რკინაბეტონის კარკასის ელემენტების გაანგარიშება (მრავალსართულიანი კავშირებიანი სისტემა) :
Remainder of title დამხმ.სახელმძღვ. /
Statement of responsibility, etc ა. სოხაძე, ნ.ღლონტი ; რედ. ი.გოგუაძე.
264 ## - წარმოების, გამოცემის, დისტრიბუციის და სხვა ცნობები
გამოცემის, წარმოების, დისტრიბუციის... ადგილი თბილისი :
გამოცემის, წარმოების, დისტრიბუციის... სახელწოდება განათლება,
გამოცემის, წარმოების, დისტრიბუციის... თარიღი 1983.
300 ## - ფიზიკური აღწერა
Extent 72გვ. :
Other physical details ნახაზები, დანართები ;
Dimensions 20 სმ.
504 ## - BIBLIOGRAPHY, ETC. NOTE
Bibliography, etc ბიბლიოგრ. : გვ.71.
653 ## - INDEX TERM--UNCONTROLLED
Uncontrolled term რკინაბეტონის კარკასის ელემენტების გაანგარიშება
653 ## - INDEX TERM--UNCONTROLLED
Uncontrolled term რკინაბეტონის კარკასები
700 ## - ADDED ENTRY--PERSONAL NAME
Personal name ღლონტი, ნ.
Relator term ავტორი
9 (RLIN) 487
700 ## - ADDED ENTRY--PERSONAL NAME
Personal name გოგუაძე, ი.
Relator term რედაქტორი
9 (RLIN) 498
942 ## - ADDED ENTRY ELEMENTS (KOHA)
Koha item type წიგნი
Source of classification or shelving scheme
ეგზემპლარები
ჩამოწერის სტატუსი დაკარგული ეგზემპლარის სტატუსი კლასიფიკაციის წყარო ან თაროზე გაწყობის სქემა დაზიანების სტატუსი არ გაიცემა მუდმივი მდებარეობა (დაცვის ადგილი) ამჟამინდელი ადგილსამყოფელი თაროზე განთავსების ადგილი შეძენის თარიღი ღირებულება, შესყიდვის ნორმალური ფასი სრული შენახვის შიფრი შტრიხკოდი ბოლო ოპერაციის თარიღი ეგზემპლარის მიმდევრობითი ნომერი (კეტერი?) ფასის ძალაში შესვლის თარიღი ეგზემპლარის სახეობა საჯარო შენიშვნა
          ბათუმის შოთა რუსთაველის სახელმწიფო უნივერსიტეტის მთავარი ბიბლიოთეკა ტექნოლოგიური ფაკულტეტის ბიბლიოთეკა წიგნსაცავი 2018-12-17 0.30 624.016.5+690.33 ს-75 11476 2018-12-17 11476 2018-12-17 წიგნი 0.30 ლ.
          ბათუმის შოთა რუსთაველის სახელმწიფო უნივერსიტეტის მთავარი ბიბლიოთეკა ტექნოლოგიური ფაკულტეტის ბიბლიოთეკა წიგნსაცავი 2018-12-17 0.30 624.016.5+690.33 ს-75 11477 2018-12-17 11477 2018-12-17 წიგნი 0.30 ლ.
          ბათუმის შოთა რუსთაველის სახელმწიფო უნივერსიტეტის მთავარი ბიბლიოთეკა ტექნოლოგიური ფაკულტეტის ბიბლიოთეკა წიგნსაცავი 2018-12-17 0.30 624.016.5+690.33 ს-75 11478 2018-12-17 11478 2018-12-17 წიგნი 0.30 ლ.
          ბათუმის შოთა რუსთაველის სახელმწიფო უნივერსიტეტის მთავარი ბიბლიოთეკა ტექნოლოგიური ფაკულტეტის ბიბლიოთეკა წიგნსაცავი 2018-12-17 0.30 624.016.5+690.33 ს-75 11479 2018-12-17 11479 2018-12-17 წიგნი 0.30 ლ.
          ბათუმის შოთა რუსთაველის სახელმწიფო უნივერსიტეტის მთავარი ბიბლიოთეკა ტექნოლოგიური ფაკულტეტის ბიბლიოთეკა წიგნსაცავი 2018-12-17 0.30 624.016.5+690.33 ს-75 11480 2018-12-17 11480 2018-12-17 წიგნი 0.30 ლ.